MARC

LEADER 00000nam0a2200000 4500
001 365958
005 20231102011832.0
035 |a (RuTPU)RU\TPU\retro\23321 
090 |a 365958 
100 |a 20220126d1979 km y0rusy50 ca 
101 0 |a rus 
102 |a RU 
105 |a a z 001zy 
200 1 |a Управление многотемными научными разработками  |f Н. И. Диденко 
210 |a Ленинград  |c Изд-во ЛГУ  |d 1979 
215 |a 168 с.  |c ил. 
320 |a Библиогр.: с. 166-167 
606 1 |a Научные исследования  |2 stltpush  |3 (RuTPU)RU\TPU\subj\76141  |9 87512 
610 1 |a научные разработки 
610 1 |a управление 
610 1 |a проекты 
610 1 |a научно-исследовательские институты 
610 1 |a научно-производственные объединения 
686 |a Ч215  |v LBC/SL-A  |2 rubbk 
700 1 |a Диденко  |b Н. И.  |g Николай Иванович 
801 1 |a RU  |b 63413507  |c 20220126 
942 |c BK